000 00200 a2200097 4500
001 1735
100 _aFeigenbaum, A.V.
245 _aQuality control
260 _a
_bMcgrawhill
_c
090 _c1271
_d1271
942 _aNUST-CAE
_cM
_c3014
999 _c236808
_d236808